[Event "GRE CupT final 40th"]
[Site "Thessaloniki"]
[Date "2022.08.18"]
[Round "1.2"]
[White "Kalogridakis, Georgios"]
[Black "Makridis, Dimitrios"]
[Result "1/2-1/2"]
[WhiteElo "2212"]
[BlackElo "2394"]
[PlyCount "141"]
[EventDate "2022.08.18"]
[EventType "team-swiss"]
[EventRounds "3"]
[EventCountry "GRE"]
[SourceTitle "CBM 209 Extra"]
[Source "ChessBase"]
[SourceDate "2022.09.30"]
[SourceVersion "1"]
[SourceVersionDate "2022.09.30"]
[SourceQuality "1"]

1. e4 c5 2. Nf3 Nf6 3. e5 Nd5 4. Nc3 e6 5. Bc4 Nb6 6. d3 Nc6 7. Bf4 d5 8. exd6 Bxd6 9. Qd2 e5 10. Bg3 0-0 11. Bh4 Nxc4 12. dxc4 f6 13. Qd5+ Kh8 14. 0-0-0 Be7 15. Qxd8 Bxd8 16. Nd2 Kg8 17. f3 b6 18. Nd5 Kf7 19. c3 Be7 20. Rhe1 g5 21. Bg3 Be6 22. Nc7 Rac8 23. Nxe6 Kxe6 24. Nf1 Rcd8 25. Ne3 Rxd1+ 26. Rxd1 f5 27. Nd5 Bd6 28. Kc2 h5 29. h3 Bb8 30. a3 Rg8 31. b4 f4 32. Bf2 g4 33. hxg4 hxg4 34. Kd3 g3 35. Bg1 Bd6 36. Ke2 Rg6 37. Rb1 Rh6 38. Kd3 Rh1 39. Re1 Kf5 40. Rd1 Nd8 41. Ke2 Ne6 42. Kf1 Bf8 43. Rd2 Ng7 44. Nc7 Ne6 45. Rd7 Nxc7 46. Rxc7 Bh6 47. Rxa7 e4 48. fxe4+ Kxe4 49. Rh7 Kf5 50. a4 Kg6 51. Re7 Bg7 52. Rxg7+ Kxg7 53. a5 cxb4 54. cxb4 bxa5 55. bxa5 Kf7 56. a6 Rh6 57. a7 Ra6 58. Ke2 Ke6 59. Kd3 Kf5 60. Bb6 f3 61. gxf3 g2 62. Bd4 Kf4 63. Kc3 Kxf3 64. Kb4 Ke4 65. Bf2 Kd3 66. Kb5 Ra2 67. Bg1 Ra1 68. Bf2 Ra2 69. Bg1 Ra1 70. Bf2 Ra2 71. Bg1 1/2-1/2

[Event "Paleochora op 12th"]
[Site "Paleochora"]
[Date "2019.07.20"]
[Round "9"]
[White "Kalogridakis, Georgios"]
[Black "Mitsis, Georgios"]
[Result "0-1"]
[WhiteElo "2134"]
[BlackElo "2399"]
[PlyCount "84"]
[EventDate "2019.07.13"]
[EventType "swiss"]
[EventRounds "9"]
[EventCountry "GRE"]
[SourceTitle "EXT 2020"]
[Source "ChessBase"]
[SourceDate "2019.10.17"]
[SourceVersion "1"]
[SourceVersionDate "2019.10.17"]
[SourceQuality "1"]

1. e4 d6 2. d4 Nf6 3. Nc3 c6 4. f4 Qa5 5. Bd3 e5 6. Nf3 exd4 7. Nxd4 g6 8. h3 Bg7 9. Be3 0-0 10. 0-0 Nbd7 11. Qf3 Qc7 12. a4 a6 13. Nb3 b6 14. Rfe1 Bb7 15. Nd2 b5 16. Rad1 b4 17. Na2 c5 18. c4 Rae8 19. Bf2 Nb8 20. b3 Nc6 21. Bf1 Nh5 22. g3 Nd4 23. Qd3 f5 24. Bg2 Ne6 25. Bf3 Nhxf4 26. gxf4 Nxf4 27. Qf1 Bc3 28. exf5 Bxd2 29. Rxd2 Bxf3 30. Be3 Ne2+ 31. Rdxe2 Bxe2 32. Qxe2 Rxf5 33. Nc1 d5 34. Qg4 Rfe5 35. Qg3 Qe7 36. Nd3 Rxe3 37. Rxe3 Qxe3+ 38. Qxe3 Rxe3 39. Nxc5 dxc4 40. Kf2 Rxh3 41. Ke2 cxb3 42. Kd2 Rc3 0-1

[Event "Paleochora op 12th"]
[Site "Paleochora"]
[Date "2019.07.18"]
[Round "7"]
[White "Kalogridakis, Georgios"]
[Black "David, Alberto"]
[Result "1-0"]
[WhiteElo "2134"]
[BlackElo "2553"]
[PlyCount "79"]
[EventDate "2019.07.13"]
[EventType "swiss"]
[EventRounds "9"]
[EventCountry "GRE"]
[SourceTitle "EXT 2020"]
[Source "ChessBase"]
[SourceDate "2019.10.17"]
[SourceVersion "1"]
[SourceVersionDate "2019.10.17"]
[SourceQuality "1"]

1. e4 c5 2. Nf3 e6 3. d4 cxd4 4. Nxd4 a6 5. c4 Nf6 6. Nc3 Qc7 7. a3 b6 8. Be3 Bb7 9. f3 d6 10. Be2 Be7 11. 0-0 0-0 12. Rc1 Nbd7 13. b4 Rfc8 14. Qd2 Rab8 15. Rfd1 Qd8 16. Nb3 Qe8 17. Bf1 Ne5 18. Qd4 Ba8 19. Kh1 h6 20. Bg1 Nh5 21. b5 a5 22. Na4 Nd7 23. e5 Nxe5 24. Nxb6 Rxb6 25. Qxb6 f5 26. Bf2 Rb8 27. Qxa5 f4 28. Qe1 Qg6 29. Nd4 Nf6 30. c5 Bd5 31. Nc6 Nxc6 32. bxc6 dxc5 33. Bxc5 Bd8 34. Bd6 Rb3 35. Rc3 Ba5 36. Bb4 Rxb4 37. axb4 Bc7 38. Bc4 Bxc4 39. Rxc4 Nh5 40. Rc5 1-0

[Event "Paleochora op 12th"]
[Site "Paleochora"]
[Date "2019.07.15"]
[Round "4"]
[White "Anagnostopoulos, Konstantinos"]
[Black "Kalogridakis, Georgios"]
[Result "0-1"]
[WhiteElo "2338"]
[BlackElo "2134"]
[PlyCount "74"]
[EventDate "2019.07.13"]
[EventType "swiss"]
[EventRounds "9"]
[EventCountry "GRE"]
[SourceTitle "EXT 2020"]
[Source "ChessBase"]
[SourceDate "2019.10.17"]
[SourceVersion "1"]
[SourceVersionDate "2019.10.17"]
[SourceQuality "1"]

1. d4 Nf6 2. Nf3 e6 3. Bf4 d5 4. e3 c5 5. c3 Nc6 6. Nbd2 cxd4 7. exd4 Nh5 8. Be3 Bd6 9. Ne5 g6 10. Bb5 0-0 11. Be2 Ng7 12. Ndf3 f6 13. Nxc6 bxc6 14. 0-0 Nf5 15. Bc1 Bd7 16. b3 e5 17. dxe5 fxe5 18. c4 e4 19. Ng5 Be5 20. Rb1 h6 21. Nh3 d4 22. Re1 Qc7 23. Bg4 Bxh2+ 24. Kh1 e3 25. Bxf5 Bxf5 26. Qxd4 Bxb1 27. Bb2 Be5 28. Qxe5 Qxe5 29. Bxe5 exf2 30. Nxf2 Rxf2 31. Rxb1 Re8 32. Bd4 Rxa2 33. Rf1 Ree2 34. Rf6 Rxg2 35. Rxc6 Kf7 36. Rc7+ Ke6 37. Bg1 Rg3 0-1

[Event "GRE-chT 47th"]
[Site "Patras"]
[Date "2019.07.03"]
[Round "3.1"]
[White "Kalogridakis, Georgios"]
[Black "Souleidis, Georgios"]
[Result "0-1"]
[WhiteElo "2134"]
[BlackElo "2426"]
[PlyCount "60"]
[EventDate "2019.07.02"]
[EventType "team-swiss"]
[EventRounds "7"]
[EventCountry "GRE"]
[SourceTitle "CBM 191 Extra"]
[Source "ChessBase"]
[SourceDate "2019.09.30"]
[SourceVersion "1"]
[SourceVersionDate "2019.09.30"]
[SourceQuality "1"]
[WhiteTeam "To Kallithes"]
[BlackTeam "Heraklion OF"]
[WhiteTeamCountry "GRE"]
[BlackTeamCountry "GRE"]

1. e4 g6 2. d4 Bg7 3. Nc3 d6 4. g3 Nd7 5. Bg2 Ngf6 6. Nge2 c5 7. h3 Rb8 8. a4 b6 9. 0-0 0-0 10. Be3 a6 11. g4 cxd4 12. Bxd4 Bb7 13. Ng3 h6 14. Nd5 e5 15. Be3 Nxd5 16. exd5 Qh4 17. Kh2 Rbc8 18. Qe2 Rce8 19. Be4 Nc5 20. f3 a5 21. Rg1 Ba6 22. Qg2 Kh8 23. c3 Bc8 24. Qc2 h5 25. Nf1 hxg4 26. fxg4 f5 27. Bxc5 bxc5 28. Bf3 e4 29. Be2 fxg4 30. Rg3 Be5 0-1

[Event "EU-ch rapid"]
[Site "Skopje"]
[Date "2018.12.08"]
[Round "1"]
[White "Guseinov, Gadir"]
[Black "Kalogridakis, Georgios"]
[Result "1-0"]
[WhiteElo "2664"]
[BlackElo "2144"]
[PlyCount "107"]
[EventDate "2018.12.08"]
[EventType "swiss (rapid)"]
[EventRounds "13"]
[EventCountry "MKD"]
[SourceTitle "CBM 187 Extra"]
[Source "ChessBase"]
[SourceDate "2018.11.04"]
[SourceVersion "1"]
[SourceVersionDate "2018.11.04"]
[SourceQuality "1"]

1. e4 c5 2. Nc3 d6 3. d4 cxd4 4. Qxd4 Nc6 5. Bb5 Bd7 6. Bxc6 Bxc6 7. Bg5 h6 8. Be3 Nf6 9. f3 e5 10. Qd2 Be7 11. Nge2 d5 12. exd5 Nxd5 13. Nxd5 Qxd5 14. Qxd5 Bxd5 15. Nc3 Bc6 16. 0-0-0 0-0 17. Nd5 Bd8 18. Nb4 Bb6 19. Bxb6 axb6 20. Rd6 Rfd8 21. Rhd1 Rxd6 22. Rxd6 Rc8 23. Nd5 Re8 24. Kd2 f5 25. Nb4 Rc8 26. Nxc6 Rxc6 27. Rd7 Rg6 28. g3 f4 29. g4 e4 30. Ke2 Rc6 31. c3 e3 32. h4 g5 33. h5 Kf8 34. a4 Ke8 35. Rxb7 Rd6 36. Ke1 Kd8 37. b4 Rc6 38. a5 bxa5 39. bxa5 Rxc3 40. a6 Kc8 41. Rh7 Ra3 42. Rxh6 Ra1+ 43. Ke2 Ra2+ 44. Kd3 Kd7 45. Rb6 Ra3+ 46. Ke4 e2 47. Rb1 Rxa6 48. Kf5 Re6 49. Re1 Re3 50. Kxg5 Rxf3 51. Rxe2 Re3 52. Rd2+ Ke7 53. Kxf4 Ra3 54. Kg5 1-0

[Event "Paleochora op 10th"]
[Site "Paleochora"]
[Date "2017.07.20"]
[Round "3"]
[White "Kharitonov, Alexandr"]
[Black "Kalogridakis, Georgios"]
[Result "1-0"]
[WhiteElo "2558"]
[BlackElo "2116"]
[PlyCount "133"]
[EventDate "2017.07.19"]
[EventType "swiss"]
[EventRounds "9"]
[EventCountry "GRE"]
[SourceTitle "EXT 2018"]
[Source "ChessBase"]
[SourceDate "2017.10.13"]
[SourceVersion "1"]
[SourceVersionDate "2017.10.13"]
[SourceQuality "1"]

1. d4 Nf6 2. c4 e6 3. Nc3 Bb4 4. Qc2 c5 5. dxc5 0-0 6. Nf3 Na6 7. g3 Nxc5 8. Bg2 b6 9. 0-0 Bxc3 10. Qxc3 Bb7 11. b3 Rc8 12. Rd1 Qe7 13. Ba3 Rfd8 14. Rac1 d6 15. h3 h6 16. Qe3 a6 17. Bb4 d5 18. Ba3 dxc4 19. Rxd8+ Qxd8 20. Rxc4 Ncd7 21. Qd4 b5 22. Rxc8 Qxc8 23. Bb2 Qc5 24. Qxc5 Nxc5 25. Ne5 Bxg2 26. Kxg2 Nfd7 27. Nc6 f6 28. g4 Kf7 29. f4 g6 30. Kf3 h5 31. Bd4 hxg4+ 32. hxg4 Nb7 33. Ke3 Nd6 34. Kd3 Nc8 35. Kc3 e5 36. fxe5 fxe5 37. Nxe5+ Nxe5 38. Bxe5 Ne7 39. Kd4 Nc6+ 40. Ke4 Ke6 41. Bc3 Kd6 42. Bg7 Ke6 43. Bf8 Ne5 44. Kf4 Nc6 45. Bc5 Kd5 46. Ba3 Ke6 47. Ke4 Ne5 48. Kd4 Nxg4 49. Kc5 Nf6 50. Kb6 Kd5 51. Kxa6 Kc6 52. Bb2 Ne4 53. b4 g5 54. a4 bxa4 55. b5+ Kd5 56. b6 g4 57. Ba3 g3 58. b7 g2 59. b8Q g1Q 60. Qb7+ Ke5 61. Bb2+ Kf4 62. Qf7+ Kg4 63. Qf3+ Kg5 64. Qxe4 Qc5 65. Be5 a3 66. Qf4+ Kg6 67. Qf6+ 1-0

[Event "GRE-chT 45th"]
[Site "Achaia"]
[Date "2017.07.03"]
[Round "1.12"]
[White "Managadze, Nikoloz"]
[Black "Kalogridakis, Georgios"]
[Result "1-0"]
[WhiteElo "2454"]
[BlackElo "2116"]
[PlyCount "77"]
[EventDate "2017.07.03"]
[EventType "team-swiss"]
[EventRounds "7"]
[EventCountry "GRE"]
[SourceTitle "CBM 179 Extra"]
[Source "ChessBase"]
[SourceDate "2017.08.23"]
[SourceVersion "1"]
[SourceVersionDate "2017.08.23"]
[SourceQuality "1"]
[WhiteTeam "Pine AO"]
[BlackTeam "New Filadelfeias"]
[WhiteTeamCountry "GRE"]
[BlackTeamCountry "GRE"]

1. Nf3 Nf6 2. c4 c5 3. d4 cxd4 4. Nxd4 Nc6 5. Nc3 e6 6. g3 Bb4 7. Bg2 0-0 8. 0-0 d5 9. cxd5 Nxd5 10. Nxd5 exd5 11. Be3 Be6 12. Qb3 Qe7 13. Rac1 Rfd8 14. Rxc6 bxc6 15. Nxc6 Qd6 16. Nxd8 Rxd8 17. Bxa7 Ra8 18. Bd4 Bc5 19. Rd1 Bxd4 20. Rxd4 Qc5 21. e3 Rd8 22. Qd1 h6 23. e4 Qb6 24. b3 Qa5 25. exd5 Bf5 26. Qd2 Qxd2 27. Rxd2 Kf8 28. d6 Rc8 29. d7 Rd8 30. Bc6 Ke7 31. a4 Rb8 32. b4 Kd8 33. b5 Kc7 34. a5 Rd8 35. f3 Be6 36. Kf2 g5 37. Ke3 f6 38. Kd4 Bxd7 39. Kc5 1-0

[Event "Paleochora op 9th"]
[Site "Paleochora"]
[Date "2016.07.21"]
[Round "3"]
[White "Nikolov, Momchil"]
[Black "Kalogridakis, Georgios"]
[Result "1-0"]
[WhiteElo "2571"]
[BlackElo "2117"]
[PlyCount "71"]
[EventDate "2016.07.20"]
[EventType "swiss"]
[EventRounds "9"]
[EventCountry "GRE"]
[SourceTitle "EXT 2017"]
[Source "ChessBase"]
[SourceDate "2016.10.25"]
[SourceVersion "1"]
[SourceVersionDate "2016.10.25"]
[SourceQuality "1"]

1. Nf3 Nf6 2. c4 c5 3. d4 cxd4 4. Nxd4 Nc6 5. Nc3 d6 6. e4 e6 7. Be2 Be7 8. 0-0 a6 9. Be3 Bd7 10. Rc1 0-0 11. f3 Nxd4 12. Qxd4 Bc6 13. b4 h6 14. Rfd1 Qb8 15. a4 b5 16. cxb5 axb5 17. Nxb5 Bd7 18. Ra1 d5 19. e5 Ne8 20. f4 g5 21. fxg5 hxg5 22. Ra3 Ng7 23. Qb2 Rxa4 24. Rxa4 Bxb5 25. Bxb5 Qxb5 26. Ra7 Bxb4 27. Kh1 Rb8 28. Bxg5 Nf5 29. g4 Qb6 30. gxf5 Qxa7 31. Qg2 f6 32. Bxf6+ Kf8 33. Qh3 Qf7 34. Rg1 Ke8 35. fxe6 Qf8 36. Qh5+ 1-0

[Event "GRE-chT 44th"]
[Site "Achaia"]
[Date "2016.07.09"]
[Round "6.17"]
[White "Kalogridakis, Georgios"]
[Black "Loukopoulos, Panagiotis Athanasi"]
[Result "1-0"]
[WhiteElo "2117"]
[BlackElo "1749"]
[PlyCount "81"]
[EventDate "2016.07.05"]
[EventType "team-swiss"]
[EventRounds "7"]
[EventCountry "GRE"]
[SourceTitle "CBM 173 Extra"]
[Source "ChessBase"]
[SourceDate "2016.08.29"]
[SourceVersion "1"]
[SourceVersionDate "2016.08.29"]
[SourceQuality "1"]
[WhiteTeam "New Filadelfeias"]
[BlackTeam "Evia HS"]
[WhiteTeamCountry "GRE"]
[BlackTeamCountry "GRE"]

1. e4 c5 2. Nf3 e6 3. g3 Nc6 4. Bg2 d5 5. exd5 exd5 6. d4 Nf6 7. 0-0 Be7 8. Nc3 0-0 9. Be3 cxd4 10. Nxd4 Bg4 11. Nxc6 bxc6 12. Qd2 Bb4 13. a3 Ba5 14. b4 Bb6 15. Bd4 Bf5 16. Rac1 Ne4 17. Nxe4 Bxe4 18. Bxe4 dxe4 19. Rfd1 f5 20. Qc3 Bxd4 21. Rxd4 Qf6 22. Rcd1 Rad8 23. Qc4+ Kh8 24. Kg2 f4 25. Rxd8 f3+ 26. Kf1 Rxd8 27. Rxd8+ Qxd8 28. Qxe4 Qd1+ 29. Qe1 Qd7 30. Kg1 h6 31. h3 Qd5 32. Kh2 Qc4 33. Qe3 Qe2 34. c3 Kh7 35. g4 Qd1 36. Kg3 Qg1+ 37. Kxf3 Qh1+ 38. Ke2 Qa1 39. c4 Qb2+ 40. Kf3 Qa1 41. Kg2 1-0

[Event "GRE-chT 44th"]
[Site "Achaia"]
[Date "2016.07.08"]
[Round "5.14"]
[White "Giannoulakis, Labros"]
[Black "Kalogridakis, Georgios"]
[Result "1-0"]
[WhiteElo "2214"]
[BlackElo "2117"]
[PlyCount "73"]
[EventDate "2016.07.05"]
[EventType "team-swiss"]
[EventRounds "7"]
[EventCountry "GRE"]
[SourceTitle "CBM 173 Extra"]
[Source "ChessBase"]
[SourceDate "2016.08.29"]
[SourceVersion "1"]
[SourceVersionDate "2016.08.29"]
[SourceQuality "1"]
[WhiteTeam "Naples Sykeon"]
[BlackTeam "New Filadelfeias"]
[WhiteTeamCountry "GRE"]
[BlackTeamCountry "GRE"]

1. d4 Nf6 2. c4 e6 3. Nc3 Bb4 4. f3 0-0 5. a3 Bxc3+ 6. bxc3 Ne8 7. e4 d5 8. Bd3 c5 9. Be3 dxe4 10. Bxe4 Nd6 11. Bc2 Nc6 12. Qd3 g6 13. dxc5 Nf5 14. Qxd8 Rxd8 15. Bg5 Re8 16. g4 Ng7 17. Ne2 e5 18. Ng3 e4 19. 0-0 exf3 20. Ne4 Rxe4 21. Bxe4 Bxg4 22. Rab1 Ne6 23. Be3 Rc8 24. Rxb7 Na5 25. Rb4 Nc6 26. Bxf3 Bxf3 27. Rxf3 Nxb4 28. cxb4 f5 29. a4 a5 30. b5 Nxc5 31. Bxc5 Rxc5 32. Rc3 Kf7 33. b6 Re5 34. c5 Ke7 35. b7 Re1+ 36. Kf2 Rb1 37. c6 1-0

[Event "GRE-chT 44th"]
[Site "Achaia"]
[Date "2016.07.05"]
[Round "1.9"]
[White "Kalogeris, Ioannis"]
[Black "Kalogridakis, Georgios"]
[Result "1/2-1/2"]
[WhiteElo "2280"]
[BlackElo "2117"]
[PlyCount "118"]
[EventDate "2016.07.05"]
[EventType "team-swiss"]
[EventRounds "7"]
[EventCountry "GRE"]
[SourceTitle "CBM 173 Extra"]
[Source "ChessBase"]
[SourceDate "2016.08.29"]
[SourceVersion "1"]
[SourceVersionDate "2016.08.29"]
[SourceQuality "1"]
[WhiteTeam "Chania Kydon"]
[BlackTeam "New Filadelfeias"]
[WhiteTeamCountry "GRE"]
[BlackTeamCountry "GRE"]

1. Nf3 Nf6 2. c4 e6 3. g3 b6 4. Bg2 Bb7 5. 0-0 c5 6. Nc3 Be7 7. Re1 d6 8. d4 cxd4 9. Qxd4 a6 10. e4 Nbd7 11. b3 Qc7 12. Bb2 0-0 13. Rac1 Rac8 14. Re2 Rfd8 15. Ne1 Bf8 16. Nd3 Qb8 17. h3 h6 18. Na4 Ba8 19. Nc3 Bb7 20. Kh2 Qa8 21. f4 Nc5 22. Nxc5 bxc5 23. Qe3 d5 24. cxd5 exd5 25. Na4 d4 26. Qd3 Nd7 27. e5 Bxg2 28. Rxg2 Re8 29. Qc4 Qb7 30. Ba3 Nb6 31. Nxb6 Qxb6 32. Re2 Rc6 33. Bb2 Rce6 34. Ba3 Rc6 35. f5 Qc7 36. Rce1 Kh8 37. Bc1 Qd7 38. e6 fxe6 39. fxe6 Qd8 40. Qd3 Qf6 41. Qe4 Rcxe6 42. Qg2 Bd6 43. Rxe6 Rxe6 44. Rxe6 Qxe6 45. Qf3 Qe1 46. Bf4 Bxf4 47. Qxf4 Qe2+ 48. Kg1 Qd1+ 49. Kf2 Qc2+ 50. Kf3 Kh7 51. Qe5 Qd3+ 52. Kf2 a5 53. Qxc5 Qe3+ 54. Kg2 Qe4+ 55. Kf2 Qe3+ 56. Kg2 Qe2+ 57. Kg1 Qf3 58. Qc2+ d3 59. Qf2 Qe4 1/2-1/2

[Event "Nikaia op 22nd"]
[Site "Nikaia"]
[Date "2014.09.02"]
[Round "9"]
[White "Kalogridakis, Georgios"]
[Black "Koutoukidis, Panagiotis"]
[Result "1/2-1/2"]
[WhiteElo "2114"]
[BlackElo "2190"]
[PlyCount "123"]
[EventDate "2014.08.26"]
[EventType "swiss"]
[EventRounds "9"]
[EventCountry "GRE"]
[SourceTitle "CBM 162 Extra"]
[Source "ChessBase"]
[SourceDate "2014.10.17"]
[SourceVersion "1"]
[SourceVersionDate "2014.10.17"]
[SourceQuality "1"]

1. e4 c5 2. Nf3 e6 3. d4 cxd4 4. Nxd4 Nc6 5. Nc3 Qc7 6. Be3 Nf6 7. Qd2 Nxd4 8. Bxd4 e5 9. Be3 Bb4 10. f3 h6 11. Be2 0-0 12. 0-0 d6 13. a3 Bxc3 14. Qxc3 Qxc3 15. bxc3 Be6 16. Rab1 b6 17. c4 Rfc8 18. Rb4 Kf8 19. a4 Nd7 20. Rd1 Ke7 21. a5 bxa5 22. Ra4 Nb6 23. Rxa5 Bxc4 24. Bd3 Bxd3 25. cxd3 Rc6 26. Rda1 Nc8 27. Bxa7 Rc7 28. Be3 Rxa5 29. Rxa5 Rc3 30. Rd5 Ke6 31. Bd2 Rb3 32. d4 Ne7 33. Ra5 exd4 34. Kf2 Nc6 35. Rd5 Rb2 36. Ke2 Rc2 37. Kd3 Rc5 38. Rxc5 dxc5 39. Kc4 Kd6 40. f4 Na7 41. g4 Kc6 42. h4 Nc8 43. h5 f6 44. g5 fxg5 45. fxg5 Nd6+ 46. Kd3 hxg5 47. Bxg5 Kd7 48. h6 gxh6 49. Bxh6 Ne8 50. Kc4 Kc6 51. Bf8 Nd6+ 52. Kd3 Nb5 53. Kc4 Na3+ 54. Kd3 Kb6 55. Bg7 Nb5 56. Kc4 Kc6 57. Bf8 Nd6+ 58. Kd3 Kd7 59. Bg7 Nb5 60. Bf8 Kc6 61. Kc4 Na3+ 62. Kd3 1/2-1/2

[Event "Rethymno op 5th"]
[Site "Rethymno"]
[Date "2013.08.02"]
[Round "7"]
[White "Kalogridakis, Georgios"]
[Black "Simeonidis, Ioannis"]
[Result "0-1"]
[WhiteElo "2058"]
[BlackElo "2238"]
[PlyCount "140"]
[EventDate "2013.07.28"]
[EventType "swiss"]
[EventRounds "9"]
[EventCountry "GRE"]
[SourceTitle "CBM 155 Extra"]
[Source "ChessBase"]
[SourceDate "2013.08.26"]
[SourceVersion "1"]
[SourceVersionDate "2013.08.26"]
[SourceQuality "1"]

1. e4 c6 2. c4 d5 3. exd5 cxd5 4. cxd5 Nf6 5. Nc3 Nxd5 6. Nf3 e6 7. Bc4 Be7 8. 0-0 0-0 9. d4 Nxc3 10. bxc3 Qc7 11. Qe2 b6 12. Bd3 Bb7 13. Bd2 Nd7 14. Rfe1 Rac8 15. a4 Bd6 16. a5 Bf4 17. Bxf4 Qxf4 18. Qe3 Qxe3 19. Rxe3 g6 20. Bf1 Nf6 21. c4 Rfd8 22. axb6 axb6 23. Rb1 Ng4 24. Ree1 Bxf3 25. gxf3 Nf6 26. Rxb6 Rxd4 27. Ra1 Nd7 28. Rb7 Ne5 29. Raa7 Rf4 30. Rc7 Rxc7 31. Rxc7 Nxf3+ 32. Kg2 Ne1+ 33. Kg1 Rg4+ 34. Kh1 Nf3 35. Bg2 Ne5 36. Bf1 Kf8 37. h3 Rd4 38. c5 Ke8 39. Rb7 Kd8 40. Kg2 Rd7 41. Rb2 g5 42. Be2 Rc7 43. Rc2 Ke7 44. Ba6 Nc6 45. Rc1 Nd4 46. Rc3 e5 47. Kg3 h5 48. f3 h4+ 49. Kg4 f6 50. Bd3 Ne6 51. c6 Nd4 52. Be4 Ke6 53. Kh5 f5 54. Kxg5 fxe4 55. fxe4 Rxc6 56. Re3 Rc8 57. Kxh4 Rg8 58. Kh5 Kf6 59. Ra3 Ne6 60. Ra6 Rg5+ 61. Kh4 Rg1 62. Kh5 Re1 63. Ra4 Rd1 64. Ra3 Rd3 65. Rxd3 Nf4+ 66. Kh6 Nxd3 67. h4 Nf2 68. h5 Nxe4 69. Kh7 Ng5+ 70. Kh6 Kf5 0-1

[Event "Rethymno op 5th"]
[Site "Rethymno"]
[Date "2013.08.01"]
[Round "6"]
[White "Johansen, Terje"]
[Black "Kalogridakis, Georgios"]
[Result "0-1"]
[WhiteElo "2264"]
[BlackElo "2058"]
[PlyCount "94"]
[EventDate "2013.07.28"]
[EventType "swiss"]
[EventRounds "9"]
[EventCountry "GRE"]
[SourceTitle "CBM 155 Extra"]
[Source "ChessBase"]
[SourceDate "2013.08.26"]
[SourceVersion "1"]
[SourceVersionDate "2013.08.26"]
[SourceQuality "1"]

1. d4 d5 2. c4 c6 3. Nf3 Nf6 4. Nc3 dxc4 5. a4 Bf5 6. e3 e6 7. Bxc4 Bb4 8. 0-0 Nbd7 9. Qe2 Bg6 10. Rd1 0-0 11. Bd2 a5 12. Bd3 Bxd3 13. Qxd3 Qe7 14. e4 e5 15. d5 Nc5 16. Qc4 Bxc3 17. Bxc3 Ncxe4 18. dxc6 Nxc3 19. Qxc3 e4 20. Nd4 bxc6 21. Nxc6 Qc7 22. Rac1 Rfe8 23. h3 e3 24. fxe3 Ne4 25. Qe1 Qb6 26. b4 axb4 27. Qxb4 Qxe3+ 28. Kh2 Qg3+ 29. Kg1 Nf2 30. Rf1 Re2 31. Ne7+ Kh8 32. Qb7 Nxh3+ 33. Kh1 Re8 34. Nf5 Nf2+ 35. Kg1 Nh3+ 36. Kh1 Nf2+ 37. Kg1 Qe5 38. Qxf7 Nh3+ 39. Kh1 Nf2+ 40. Kg1 Ng4 41. Qc7 Qb2 42. Qg3 Qb6+ 43. Kh1 Qg6 44. a5 Ra2 45. Nd6 Nf2+ 46. Kh2 Qh6+ 47. Kg1 Qh1# 0-1

[Event "Rethymno op 5th"]
[Site "Rethymno"]
[Date "2013.07.30"]
[Round "4"]
[White "Kalogridakis, Georgios"]
[Black "Sturt, Raven M"]
[Result "1-0"]
[WhiteElo "2058"]
[BlackElo "2308"]
[PlyCount "115"]
[EventDate "2013.07.28"]
[EventType "swiss"]
[EventRounds "9"]
[EventCountry "GRE"]
[SourceTitle "CBM 155 Extra"]
[Source "ChessBase"]
[SourceDate "2013.08.26"]
[SourceVersion "1"]
[SourceVersionDate "2013.08.26"]
[SourceQuality "1"]

1. e4 e5 2. Nc3 Nf6 3. f4 d5 4. fxe5 Nxe4 5. Qf3 Nxc3 6. dxc3 Be6 7. Bf4 Be7 8. 0-0-0 0-0 9. h4 Nd7 10. Qg3 Kh8 11. Nf3 c5 12. Ng5 c4 13. Be2 Qa5 14. Kb1 Nc5 15. Bg4 Na4 16. Bc1 Qb6 17. Ka1 Rad8 18. Qh3 Bxg4 19. Qxg4 Kg8 20. Nf3 Qg6 21. Qxg6 fxg6 22. Be3 Nc5 23. Ng5 Rfe8 24. Bxc5 Bxc5 25. Nf3 Bf2 26. Rd2 Be3 27. Rdd1 Bf4 28. Rhe1 Kf7 29. Rd4 Bg3 30. Re2 h5 31. b3 b5 32. Kb2 a6 33. a4 bxa4 34. bxc4 Rb8+ 35. Ka2 dxc4 36. Rxc4 Rb6 37. Rb4 Reb8 38. Ka3 a5 39. Rxb6 Rxb6 40. Kxa4 Rc6 41. Kxa5 Rxc3 42. Kb4 Rc8 43. c4 Rb8+ 44. Kc5 Rc8+ 45. Kd5 Rd8+ 46. Ke4 Ke6 47. Nd4+ Kd7 48. Ra2 Ke8 49. c5 Bxh4 50. c6 Rc8 51. Rc2 Rb8 52. c7 Rc8 53. Kd5 Kd7 54. e6+ Ke8 55. Nb5 Bg3 56. Nd6+ Bxd6 57. Kxd6 h4 58. e7 1-0

[Event "Paleochora op 6th"]
[Site "Paleochora"]
[Date "2013.07.22"]
[Round "5"]
[White "Nogly, Christoph"]
[Black "Kalogridakis, Georgios"]
[Result "1/2-1/2"]
[WhiteElo "2270"]
[BlackElo "2058"]
[PlyCount "100"]
[EventDate "2013.07.19"]
[EventType "swiss"]
[EventRounds "9"]
[EventCountry "GRE"]
[SourceTitle "CBM 155 Extra"]
[Source "ChessBase"]
[SourceDate "2013.08.26"]
[SourceVersion "1"]
[SourceVersionDate "2013.08.26"]
[SourceQuality "1"]

1. d4 Nf6 2. c4 e6 3. g3 d5 4. Bg2 Bb4+ 5. Nd2 c6 6. Qc2 0-0 7. Ngf3 b6 8. 0-0 Ba6 9. b3 Nbd7 10. e4 dxe4 11. Nxe4 Rc8 12. Rd1 Bb7 13. Bb2 Nxe4 14. Qxe4 Qe7 15. Rd3 Rfd8 16. Rad1 Bd6 17. h4 a5 18. Ng5 Nf6 19. Qe2 Qc7 20. Ne4 Be7 21. Nc3 b5 22. cxb5 cxb5 23. Nxb5 Qb6 24. Bxb7 Qxb7 25. a4 Nd5 26. R3d2 Nb4 27. Ba3 Qd5 28. Bxb4 Bxb4 29. Rd3 h6 30. Qf3 Rc2 31. Qxd5 Rxd5 32. Kg2 Kf8 33. Re3 Rf5 34. Rf3 Rxf3 35. Kxf3 Rb2 36. Rd3 Be1 37. Ke4 Rxf2 38. Rd1 Bb4 39. d5 exd5+ 40. Rxd5 g6 41. Nd4 Rb2 42. h5 Kg7 43. hxg6 fxg6 44. Rb5 h5 45. Rb6 Rg2 46. Kf3 Rb2 47. Kf4 Rf2+ 48. Ke4 Rg2 49. Kf3 Rb2 50. Ke4 Rg2 1/2-1/2

[Event "GRE-chT 41st"]
[Site "Achaia"]
[Date "2013.07.06"]
[Round "6.8"]
[White "Kalogridakis, Georgios"]
[Black "Rigatos, Panagiotis"]
[Result "1-0"]
[WhiteElo "2058"]
[BlackElo "1868"]
[PlyCount "131"]
[EventDate "2013.07.02"]
[EventType "team-swiss"]
[EventRounds "7"]
[EventCountry "GRE"]
[SourceTitle "CBM 155 Extra"]
[Source "ChessBase"]
[SourceDate "2013.08.26"]
[SourceVersion "1"]
[SourceVersionDate "2013.08.26"]
[SourceQuality "1"]
[WhiteTeam "Filadelfia CN"]
[BlackTeam "Egaleo CN"]
[WhiteTeamCountry "GRE"]
[BlackTeamCountry "GRE"]

1. e4 c5 2. Nf3 Nc6 3. d4 cxd4 4. Nxd4 Nf6 5. Nc3 e5 6. Ndb5 d6 7. Bg5 a6 8. Na3 b5 9. Nd5 Be7 10. Bxf6 Bxf6 11. c3 0-0 12. Nc2 Bg5 13. a4 bxa4 14. Rxa4 a5 15. Bc4 Rb8 16. b3 Kh8 17. Nce3 g6 18. h4 Bxh4 19. g3 Bg5 20. f4 exf4 21. gxf4 Bh4+ 22. Kd2 Ne7 23. Kc1 Nxd5 24. Nxd5 Be6 25. Ra2 Bxd5 26. Bxd5 Qf6 27. Qf3 Rfc8 28. Kc2 Rc5 29. Bc4 h6 30. Rh3 g5 31. fxg5 Bxg5 32. Qxf6+ Bxf6 33. Rxh6+ Kg7 34. Rh3 Be5 35. Rf3 f6 36. Kd3 Rh8 37. b4 axb4 38. Ra7+ Kg6 39. cxb4 Rcc8 40. Ra2 Rh2 41. Rxh2 Bxh2 42. Rf2 Be5 43. Rg2+ Kh6 44. Ra2 Kg5 45. b5 f5 46. Rg2+ Kf6 47. Rf2 f4 48. Rf1 Rb8 49. Rb1 Rb6 50. Bd5 Ke7 51. Kc4 Bf6 52. Rf1 Bg5 53. Kb4 Rb8 54. Ka5 Kd7 55. Ka6 Bd8 56. Bc6+ Ke6 57. Rxf4 Bb6 58. Rf5 Bc5 59. Bd5+ Kd7 60. Rf7+ Kd8 61. Bb7 Ke8 62. Rh7 Bd4 63. b6 Rd8 64. Bc6+ Kf8 65. b7 Bg7 66. Rxg7 1-0